000 00882nam a2200229Ia 4500
003 GCL
008 140319s9999 xx 000 0 ara d
020 _a6033410977
040 _aGCL /
_cGCL
082 0 4 _a657.835
_bم م
100 1 _aمحمد عادل إلهامى
245 1 0 _aالمحاسبة الحكومية والمحاسبة الاقتصادية القومية :
_bمدخل معاصر /
_cمحمد عادل إلهامى
700 1 _aالسيد أحمد السقا
260 _aالقاهرة :
_bالمكتبة العصرية للنشر والتوزيع ،
_c2007
300 _a505 ص ؛
_c24 سم
650 0 4 _aالمحاسبة الحكومية
650 0 4 _aالنظام المحاسبى الموحد
650 0 4 _aالمالية العامة
650 0 4 _aالمحاسبة القومية
650 0 4 _aالميزانية - الرقابة
942 _2ddc
_cBK
999 _c9268
_d9268